000 00696nam a2200241Ia 4500
003 OSt
005 20221005121821.0
006 a|||||r|||| 00| 0
007 ta
008 221004b |||||||| |||| 00| 0 eng d
024 _a67885
037 _cTextual
040 _aCRL
_cCRL
_beng
041 _2eng
_aeng
082 _aX:546:Z2n, J8
110 _aIndia (Government of --). Commerce and Industry (Ministry of --)
245 0 _aImport trade control policy, April-September 1958
260 _c1958
650 _aECONOMICS
700 _aIndia (Government of --). Commerce and Industry (Ministry of --)
942 _hX:546:Z2n, J8
_cTEXL
_2cc
999 _c1042345
_d1042345